Statistics for Eurovision Junior 2017 Songs

Click here to take the quiz!

General Stats

  • This quiz has been taken 38 times
  • The average score is 7 of 12

Answer Stats

Country My Top Singer Answer % Correct
Russia1Polina BogusevichКрылья
97%
Portugal7Mariana VenancioYoutuber
90%
Australia3Isabella ClarkeSpeak Up
83%
Poland12Alicja RegaMoj Dom
79%
Netherlands8FourceLove Me
72%
Malta5Gianluca CiliaDawra Tond
62%
Macedonia9Mina BlazevDancing Through Life
59%
Belarus2Helena MeraaiЫа Самаыа
55%
Ukraine4Anastasiya BaginskaНе Зумыниаи
45%
Serbia6Irina Brodic and Jana PaunovicЦео Свет йе нас
41%
Italy10Maria Iside FioreScelgo
34%
Cyprus11Nicole NicolaouI Want to be a Star
17%

Score Distribution

Percentile by Number Answered

Percent of People with Each Score

Your Score History

You have not taken this quiz